Detalles MARC
| 000 -LÍDER |
| Campo fijo de descripción fija |
01439cam a2200289 i 4500 |
| 001 - NÚMERO DE CONTROL |
| Campo de control |
1098 |
| 003 - IDENTIFICADOR DEL NÚMERO DE CONTROL |
| Campo de control |
CO-MdFUSB |
| 005 - FECHA Y HORA DE LA ULTIMA TRANSACCIÓN |
| control field |
20240627123731.0 |
| 008 - ELEMENTOS DE LONGITUD FIJA -- INFORMACIÓN GENERAL |
| Campo fijo de descripción fija -- Información general |
240627b |||||||| |||| 00| 0 eng d |
| 020 ## - NÚMERO INTERNACIONAL NORMALIZADO PARA LIBROS |
| Número Internacional Normalizado del libro |
978-1-928915-98-0 : 1-928915-98-1 : Donación |
| 040 ## - FUENTE DE CATALOGACIÓN |
| Agencia de catalogación original |
CO-MdFUSB |
| Idioma de catalogación |
spa |
| Agencia que realiza la transcripción |
CO-MdFUSB |
| Agencia que realiza la modificación |
CO-MdFUSB |
| Convenciones de la descripción |
rda |
| 041 0# - CÓDIGO DE IDIOMA |
| Código de idioma para texto/pista de sonido o título separado |
spa |
| 082 04 - NÚMERO DE CLASIFICACIÓN DECIMAL DEWEY |
| Número de clasificación |
G 234.8 O86m |
| 100 1# - ASIENTO PRINCIPAL--NOMBRE PERSONAL |
| Nombre personal |
Oswalt, John N. |
| 245 10 - TÍTULO |
| Título del Material |
Llamados a ser santos : una perspectiva bíblica / John N. Oswalt, Ph.D. ; traducido por Leroy E. Lindsey, PhD |
| 260 ## - PUBLICACIÓN, DISTRIBUCIÓN, ETC. (PIE DE IMPRENTA) |
| Lugar de publicación, distribución, etc. |
Francis Asbury (ver F. Asbury) |
| 264 #1 - PRODUCCIÓN, PUBLICACIÓN, DISTRIBUCIÓN, MANUFACTURA, Y COPYRIGHT |
| Nombre del productor, publicador, distribuidor |
Francis Asbury Publishing, |
| Lugar de producción, publicación, distribución, manufactura |
Nappanee, Indiana : |
| Fecha de producción, publicación, distribución, manufactura, o copyright |
[1999] |
| 264 #4 - PRODUCCIÓN, PUBLICACIÓN, DISTRIBUCIÓN, MANUFACTURA, Y COPYRIGHT |
| Fecha de producción, publicación, distribución, manufactura, o copyright |
©1999 |
| 300 ## - DESCRIPCIÓN FÍSICA |
| Extensión |
210 p. |
| 336 ## - TIPO DE CONTENIDO |
| Término de tipo de contenido |
texto |
| Código de tipo de contenido |
txt |
| Fuente |
rdacontent |
| 337 ## - TIPO DE MEDIO |
| Fuente |
rdamedia |
| Nombre del tipo de medio |
sin mediación |
| Código del tipo de medio |
n |
| 338 ## - TIPO DE SOPORTE |
| Fuente |
rdacarrier |
| Nombre del tipo de soporte |
volumen |
| Código Tipo de soporte |
nc |
| 505 00 - NOTA DE CONTENIDO |
| Nota de contenido con formato preestablecido |
I. El antiguo Testamento : Santidad y pacto -- El carácter santo de Dios visto en el pacto -- El pacto y la naturaleza humana -- Las expectativas para la vida en el Antiguo Testamento -- El don del Espíritu Santo en el Antiguo Testamento -- El Espíritu y el Mesías -- El Antiguo Testamento y la santidad \II. el Nuevo Testamento : El nuevo pacto y la vida santa -- El misterio de Jesús y la vida de santidad -- Cómo vivier la vida de santidad -- La santidad y el pecado. |
| Título |
Llamados a ser santos |
| 653 ## - TÉRMINO DE INDIZACIÓN - NO CONTROLADO |
| Término no controlado |
santificación / vida cristiana / crecimiento espiritual |
| 942 ## - TIPO DE MATERIAL (KOHA) |
| Tipo de Item KOHA |
Libros General |
| 945 ## - INFORMACIÓN LOCAL DEL REGISTRO |
| Catalogador |
Franklin Londoño |